Catálogo documental del chocó biogeográfico. (Registro nro. 19290)

Detalles MARC
000 -CABECERA
Campo de control 00551nam a22001817a 4500
005 - FECHA Y HORA DE LA ULTIMA TRANSACCION
Campo de control 20170207161846.0
008 - ELEMENTOS DE LONGITUD FIJA—INFORMACION GENERAL
Campo de control 170207b xxu||||| |||| 00| 0 spa d
020 ## - ISBN
ISBN 9588051916
040 ## - FUENTE DE CATALOGACIÓN
Agencia catalogadora original CO-BoIAVH
Agencia transcriptora CO-BoIAVH
041 ## - IDIOMA
Código de idioma para texto/pista de sonido o título separado Español
090 ## - CLASIFICACIÓN LOCAL
Colección MM-
Consecutivo 00150
245 0# - MENCION DE TITULO
Título Catálogo documental del chocó biogeográfico.
257 ## - PAIS DE LA ENTIDAD PRODUCTORA DE FILMES DE ARCHIVO
País de la entidad productora Colombia
264 ## - Producción, Publicación, Distribución, Fabricación y Aviso de copyright
Lugar de producción, publicación, etc Bogotá:
Nombre del productor, editor, etc. Ideam,
-- IIAP,
-- Universidad Nacional de Colombia. Instituto de Ciencias Naturales;
Fecha de la producción, publicación, etc. s.f.
300 ## - DESCRIPCION FISICA
Extensión CD-Rom
650 ## - ASIENTO SECUNDARIO DE MATERIA - TERMINO TEMATICO
Término temático o nombre geográfico como elemento de entrada Bibliografía
Subdivisión geográfica Chocó
942 ## - ELEMENTOS ADICIONALES (KOHA)
Sistema de clasificación Local
Tipo de ítem CD-ROM
Existencias
Withdrawn status Lost status Sistema de Clasificación Damaged status No para préstamo Colección Ubicación Permanente Ubicación actual Fecha de adquisición Total Checkouts Número topográfico Inventario / Código de Barras Date last seen Ejemplar Price effective from Forma de adquisición Tipo de material
    Local     Audiovisual Bogotá Bogotá 07/02/2017   MM-00150 042430 07/02/2017 Ej. 1 07/02/2017 Donación CD-ROM